000 00672nam a2200193 a 4500
001 000037600
005 20200930080448.0
008 091127s1997 dr 000 0 spa d
040 _aDO-SdBNP
_bspa
_cBNPHU
082 _a342.7293
_bT233L, 1997
100 1 _aTaveras, Waldys
_931093
245 1 0 _aLegislación municipal de la República Dominicana /
_cWaldys Taveras.
260 _aSanto Domingo :
_bCollado,
_c1997.
300 _a203 p. ;
_c21 cm.
500 _aIncluye datos biográficos del autor en la contracubierta
590 _aInventariado, 2018/VM
650 4 _aDerecho municipal
_zRepública Dominicana
_916435
650 4 _aDerecho municipal
_xLegislación
_931094
999 _c37090
_d37090